| 000 | 00371nam a22001337a 4500 | ||
|---|---|---|---|
| 082 | _aP178 | ||
| 100 |
_aAmjad Mahmood. _947971 |
||
| 245 |
_aBehaviour of short concrete columns under load/ _bAmjad Mahmood, Waqas Farid. |
||
| 260 |
_aMCE _c2001. |
||
| 526 |
_a0 _b0 _c0 _dP_000000000000000_178 |
||
| 650 | _aProject. | ||
| 700 |
_aTariq Abdullah. _947972 |
||
| 942 |
_2ddc _cBK |
||
| 999 |
_c551037 _d551037 |
||